2025-2026 Detroit Lions Roster - Statistics

General Stats
  • This quiz has been taken 43 times
  • The average score is 20 of 51
Answer Stats
Position Name % Correct
Wide Receiver Amon-Ra St. Brown
100%
Quarterback Jared Goff
100%
Running Back Jahmyr Gibbs
97%
Running Back David Montgomery
95%
Wide Receiver Jameson Williams
95%
Wide Receiver Isaac TeSlaa
86%
Offensive Lineman Penei Sewell
84%
Defensive Lineman Tyleik Williams
76%
Defensive Lineman Aidan Hutchinson
68%
Linebacker Alex Anzalone
62%
Quarterback Kyle Allen
62%
Linebacker Jack Campbell
59%
Placekicker Jake Bates
59%
Safety Kerby Joseph
59%
Wide Receiver Kalif Raymond
57%
Punter Jack Fox
54%
Offensive Lineman Taylor Decker
51%
Cornerback D.J. Reed
49%
Offensive Lineman Graham Glasgow
46%
Cornerback Rock Ya-Sin
38%
Running Back Sione Vaki
38%
Offensive Lineman Tate Ratledge
38%
Cornerback Amik Robertson
35%
Defensive Lineman D.J. Reader
35%
Defensive Lineman Al-Quadin Muhammad
32%
Offensive Lineman Dan Skipper
30%
Tight End Shane Zylstra
30%
Linebacker Derrick Barnes
27%
Cornerback Avonte Maddox
22%
Linebacker Malcolm Rodriguez
22%
Defensive Lineman Marcus Davenport
22%
Long Snapper Hogan Hatten
19%
Safety Thomas Harper
19%
Defensive Lineman Alim McNeill
16%
Tight End Anthony Firkser
16%
Cornerback Arthur Maulet
16%
Wide Receiver Dominic Lovett
16%
Offensive Lineman Miles Frazier
16%
Running Back Jacob Saylors
14%
Cornerback Nick Whiteside
14%
Offensive Lineman Trystan Colon
14%
Linebacker Trevor Nowaske
11%
Defensive Lineman Tyrus Wheat
11%
Safety Daniel Thomas
8%
Linebacker Grant Stuard
8%
Defensive Lineman Mekhi Wingo
8%
Defensive Lineman Roy Lopez
8%
Defensive Lineman Tyler Lacy
8%
Safety Jalen Mills
5%
Cornerback Khalil Dorsey
5%
Offensive Lineman Michael Niese
5%
No matching quizzes found
Score Distribution
Percent of People with Each Score
Percentile by Number Answered
Your Score History
You have not taken this quiz